00190 a2200073 4500001000700000040003200007100003600039245004100075122287 cEscola Canadense de Niteroi aRosa , Nereide Schilaro Santana10aMonteiro Lobato - Crianças Famosas